Autoría en la arquitectura de la época posdigital
Enregistré dans:
| Auteur principal: | |
|---|---|
| Format: | Livre |
| Langue: | espagnol |
| Publié: |
Barcelona
Puente Editores
2017
|
| Édition: | 1a. ed |
| Sujets: | |
| Tags: |
Ajouter un tag
Pas de tags, Soyez le premier à ajouter un tag!
|
MARC
| LEADER | 00000cam a2200000 a 4500 | ||
|---|---|---|---|
| 001 | UCC2506 | ||
| 003 | CL-VaPUC | ||
| 008 | 180302e20170000sp |||||||||||||||||spa|d | ||
| 020 | |a 9788494527425 | ||
| 082 | 0 | 4 | |a 720.28 |b ORT |2 21 |
| 100 | |a Ortega, Lluís |e autor |9 596569 | ||
| 245 | 1 | 0 | |a Autoría en la arquitectura de la época posdigital |
| 250 | |a 1a. ed | ||
| 300 | |a 71 p | ||
| 942 | |c BK | ||
| 945 | |d 20180302 15:02:00 |a arojas | ||
| 260 | |a Barcelona |b Puente Editores |c 2017 | ||
| 650 | 0 | |a Filosofía de la arquitectura |9 267382 | |
| 650 | 7 | |a TEORIA DE LA ARQUITECTURA |2 CL-VaPUC |9 483680 | |
| 650 | 0 | |a Estética |9 264950 | |
| 650 | 0 | |a Estilos artísticos |9 340996 | |
| 650 | 7 | |a INNOVACIONES TECNOLOGICAS |2 CL-VaPUC |9 596570 | |
| 650 | 7 | |a DIGITALIZACION |2 CL-VaPUC |9 596571 | |
| 650 | 0 | |a TICs (Tecnologías de la Información y la Comunicación) |9 562522 | |
| 583 | |a last modification |c 20180302 15:02:00 |k Rodrigo Vera | ||
| 999 | |c 370593 |d 370591 | ||
| 952 | |0 0 |1 0 |3 erb |4 0 |6 720_280000000000000_ORT_2017 |7 0 |8 R |9 487134 |a BIBARQ |b BIBARQ |i 5452260 |o 720.28 ORT 2017 |p 5452260 |r 2025-01-20 |w 2019-11-24 |y BK_R |z Catalogado en:20180302 |k ARQ | ||